000 00206 a2200097 4500
001 6092
100 _aPennisi, L L
245 _aElements of complex variables.
260 _a
_bHolt
_c
090 _c4990
_d4990
942 _aNUST-CAE
_cM
_c31367
999 _c241165
_d241165